Οικονομία, ανάπτυξη, περιβάλλον : θεωρητικές προσεγγίσεις και πολιτικές της αειφόρου ανάπτυξης
Αποθηκεύτηκε σε:
| Κύριος συγγραφέας: | |
|---|---|
| Μορφή: | Βιβλίο |
| Γλώσσα: | Greek |
| Δημοσίευση: |
Αθήνα :
Παπαζήσης,
2008
|
| Θέματα: | |
| Ετικέτες: |
Προσθήκη ετικέτας
Δεν υπάρχουν, Καταχωρήστε ετικέτα πρώτοι!
|
MARC
| LEADER | 00000cam a2200000 i 4500 | ||
|---|---|---|---|
| 001 | 1/10762 | ||
| 008 | 101103s2008 gre d | ||
| 020 | |a 978-960-02-2201-2 | ||
| 035 | |l 10109142 | ||
| 040 | |a GR-MY-UA |b gre |e aacr | ||
| 041 | 0 | |a gre | |
| 082 | 0 | |a 333.7 |2 (22) | |
| 100 | 1 | |a Δημαδάμα, Ζέφη. | |
| 245 | 1 | 0 | |a Οικονομία, ανάπτυξη, περιβάλλον : |b θεωρητικές προσεγγίσεις και πολιτικές της αειφόρου ανάπτυξης / |c Ζέφη Δημαδάμα |
| 260 | |a Αθήνα : |b Παπαζήσης, |c 2008 | ||
| 300 | |a 331 σ.; |c 21 εκ. | ||
| 504 | |a Περιέχει βιβλιογραφία | ||
| 650 | 0 | 0 | |a Sustainable development. |
| 650 | 0 | 0 | |a Environmental economics. |
| 650 | 0 | 0 | |a Environmental policy. |
| 650 | 0 | 0 | |a Environmental law. |
| 852 | |a INST |b LESVOS |e 20101103 |h 333.7 ΔΗΜ |p 005100049610 |q 005100049610 |t BK |y 0 | ||
| 852 | |a INST |b LESVOS |c EUDOXUS |e 20140116 |h 333.7 ΔΗΜ |p 005100053712 |q 005100053712 |t EDX |y 0 | ||
| 852 | |a INST |b LESVOS |c EUDOXUS |e 20150112 |h 333.7 ΔΗΜ |p 005100056366 |q 005100056366 |t EDX |y 0 | ||
| 852 | |a INST |b RHODES |e 20110124 |h 333.7 ΔΗΜ |p 005400032970 |q 005400032970 |t BK |y 0 | ||
| 901 | |a BIBL1-2010-3 | ||
| 901 | |a BIBL1-2014-1 | ||
| 901 | |a BIBL1-2015-1 | ||
| 909 | |a Λ |b 166630 | ||
| 909 | |a Λ |b 186434 | ||
| 909 | |a Ρ |b 163440 | ||
| 909 | |a Λ |b 191411 | ||
| 920 | |a ΕΥΔΟΞΟΣ |b ΠΑΡΑΓΓΕΛΙΑ |y ΛΕΣΒΟΣ-ΤΠ |z 2013-04 | ||
| 920 | |a ΕΥΔΟΞΟΣ |b ΠΑΡΑΓΓΕΛΙΑ |y ΛΕΣΒΟΣ-ΤΠ |z 2014-11 | ||
| 922 | |a 1ΕΛΗ |b 201010 |c ΤΑΚΤΙΚΟΣ ΒΙΒΛΙΟΘΗΚΗΣ |d ΙΩΑΝΝΙΔΟΥ | ||
| 970 | |a ΤΖΑΦΕΡΗ |b ΕΥΑΓΓΕΛΙΑ |z 2010/11/03 | ||